| 000 | 00460nam a2200157 i 4500 | ||
|---|---|---|---|
| 001 | 146760 | ||
| 003 | ES-MaACL | ||
| 005 | 20230906201648.0 | ||
| 007 | t| | ||
| 008 | 070917s1978 sp ||||1| spa d | ||
| 100 | 1 |
_aTrives, Eduardo. _9111463 |
|
| 245 | 1 | 3 |
_aEl doble rostro de Eros _b: (novela) / _cEduardo Trives. |
| 260 |
_aAlicante : _b[Caja de ahorros Provincial], _c1978. |
||
| 300 |
_a129 p. : _bil. ; _c21 cm. |
||
| 852 |
_aES-MaACL _jA-9070 _bR.98446 |
||
| 999 |
_c146760 _d146760 |
||